000 01126nam a22002537a 4500
008 130821s2007 xxua gr eng
020 _a9781576753798
040 _aCO-BoUCM
_cAngélica Rojas
_dAldemar Mondragón
_bspa
041 0 0 _aeng
100 1 _aHolman, Peggy
_d1955-
_938280
245 1 4 _aThe change handbook the definitive resource on today's best methods for engaging whole systems
_cPeggy Holman, Tom Devane, Steven Cady y Asociados
250 _a2nd ed
_brevisada y explicada
260 _aSan Francisco (California, Estados Unidos)
_bBerrett-Koehler
_c2007
300 _axxiii, 732 páginas
_bilustraciones, gráficas
504 _aIncluye referencias bibliográficas e índices
650 7 _aCambio organizacional
_97360
650 7 _aCultura corporativa
_912394
690 _aAdministración de empresas
700 1 _aCady, Steven
_d1964-
_938282
700 1 _aDevane, Tom
_d1954-
_938281
856 4 1 _3Consulte las tablas de contenido haciendo clic aquí
_uhttp://www.loc.gov/catdir/toc/fy0712/2006042909.html
942 _cLIBRO
_a16
_e2
_mH747c
_2DEWEY
_h658.406
999 _c166910
_d166910